Child growth and development 06/07 / (Record no. 21609)
[ view plain ]
| 000 -LEADER | |
|---|---|
| fixed length control field | 00587nam a2200193 a 4500 |
| 005 - DATE AND TIME OF LATEST TRANSACTION | |
| control field | 20140310183333.0 |
| 008 - FIXED-LENGTH DATA ELEMENTS--GENERAL INFORMATION | |
| fixed length control field | 060825s19uu xx 00 eng d |
| 020 ## - INTERNATIONAL STANDARD BOOK NUMBER | |
| International Standard Book Number | 978007545783 |
| 050 ## - LIBRARY OF CONGRESS CALL NUMBER | |
| Classification number | HQ 772 |
| Item number | .C536 2006 |
| 245 ## - TITLE STATEMENT | |
| Title | Child growth and development 06/07 / |
| Statement of responsibility, etc | Jun, Ellen N., editor. |
| 250 ## - EDITION STATEMENT | |
| Edition statement | 13th ed. |
| 260 ## - PUBLICATION, DISTRIBUTION, ETC. (IMPRINT) | |
| Place of publication, distribution, etc | Dubuque, IA : |
| Name of publisher, distributor, etc | McGraw-Hill Contemporary Learning Series, |
| Date of publication, distribution, etc | 2006. |
| 300 ## - PHYSICAL DESCRIPTION | |
| Extent | 207 p. : |
| Other physical details | ill. ; |
| Dimensions | 28 cm. |
| 521 ## - TARGET AUDIENCE NOTE | |
| Target audience note | |
| 650 ## - SUBJECT ADDED ENTRY--TOPICAL TERM | |
| Topical term or geographic name as entry element | Child growth and development |
| General subdivision | Periodicals. |
| 700 ## - ADDED ENTRY--PERSONAL NAME | |
| Personal name | Boyatzis, Chris |
| 942 ## - ADDED ENTRY ELEMENTS (KOHA) | |
| Koha item type | Books |
| Source of classification or shelving scheme | Library of Congress Classification |
| Call number prefix | Foreign |
| Withdrawn status | Lost status | Source of classification or shelving scheme | Damaged status | Home library | Current library | Shelving location | Date acquired | Source of acquisition | Cost, normal purchase price | Total Checkouts | Full call number | Barcode | Date last seen | Date checked out | Copy number | Price effective from | Koha item type |
|---|---|---|---|---|---|---|---|---|---|---|---|---|---|---|---|---|---|
| Library of Congress Classification | College Library | College Library | General Circulation Section | 10/08/2010 | Library Fund | 1913.00 | 1 | HQ 772 .C536 2006 | C7567 | 05/15/2018 | 08/17/2015 | 1 | 10/10/2013 | Books |